The Hobbit Quiz - Statistics

General Stats
  • This quiz has been taken 65 times
  • The average score is 4 of 10
Answer Stats
Hint Answer % Correct
Where Thranduil lives Mirkwood
74%
Dwarf who uses the axe Dwalin
65%
Age of Bilbo at the start of the quest 50
61%
Pair of dwarves who arrive third Fili Kili
52%
Lord of the Eagles Gwaihir the Windlord
33%
First elf shown in Rivendell Lindir
33%
Father of Bilbo Bungo
31%
First place shown in The Hobbit 2 Bree
30%
Galadriels title Lady of Lothlorien
28%
Gandalf, Saruman, Radagast and two blue wizards
15%
No matching quizzes found
Score Distribution
Percent of People with Each Score
Percentile by Number Answered
Your Score History
You have not taken this quiz